[Event "IECG CN.1998.0.00065"]
[Site "IECG email"]
[Date "1998.04.25"]
[Round "?"]
[White "Tauzin, Frederic"]
[Black "Pengelly, Allen"]
[Result "1-0"]
[WhiteElo "800"]
[BlackElo "800"]
[PlyCount "27"]
[EventDate "1998.04.25"]
[EventType "tourn (corr)"]
[EventRounds "6"]
[SourceTitle "Corr 2008"]
[Source "ChessBase"]
[SourceDate "2008.06.24"]
[SourceVersion "1"]
[SourceVersionDate "2008.06.24"]
[SourceQuality "1"]

1. e4 e5 2. Nf3 Nc6 3. Bb5 Nf6 4. 0-0 Nxe4 5. d4 f6 6. Re1 d5 7. Bxc6+ bxc6 8. Nc3 Be7 9. Nxe4 exd4 10. Ng3 Bg4 11. Qxd4 Bxf3 12. gxf3 0-0 13. Nf5 Qd7 14. Rxe7 1-0